000 00401cam a22001217a 4500
008 180718b1974 xxu||||| |||| 00| 0 eng d
082 _aB262x5471 Se55
100 _aSen Gupta, Jyoti
245 _aHistory of freedom movement in Bangladesh, 1943-1973, some involvement
_cby Jyoti Sen Gupta
260 _aCalcutta
_bNaya Prokash
_c1974
300 _a506p.
650 _aBangladesh --Politics and government.
999 _c354139
_d354139